| 000 | 00603nam a22001337a 4500 | ||
|---|---|---|---|
| 040 | _cRUA | ||
| 082 | _aAVM BUN2013 B108 Or.1 | ||
| 100 | _aBUN, MAIKA. | ||
| 245 | _aSduty on interoviruses of hunted primates in the northeast of cambodia, សិក្សាENTEROVIRUSESទៅលើពាននរពីអ្នកបរបាញ់នៅភូមិភាគឦសាននៃប្រទេសកម្ពុជា | ||
| 260 |
_aPhnom Penh _bRUA _c2013 |
||
| 300 |
_aviii; 37p. _bill. _c29cm. |
||
| 856 | _uhttps://drive.google.com/file/d/1Rf0Q6tpmXF2kMr0GqxRyxBBWMN7b8BOQ/view?usp=sharing | ||
| 942 | _cAVM | ||
| 999 |
_c2648 _d2648 |
||